000 00399 a2200133 4500
999 _c5288
_d5288
020 _a9780443071355
050 _aLC 4704 LEA 2002
245 _aLearning disabilities /
_c edited by Bob Gates
264 _aEdinburgh:
_bChurchill Livingstone,
_c2002.
300 _a614p. :
_bill.
500 _aIncludes index missing 1-2 pages
650 _a Learning disabilities.
942 _2lcc
_cBK
_h4704
_iLEA
_kLC